| 000 -LEADER |
| fixed length control field |
01106nam a22001937a 4500 |
| 005 - DATE AND TIME OF LATEST TRANSACTION |
| control field |
20260124094039.0 |
| 008 - FIXED-LENGTH DATA ELEMENTS--GENERAL INFORMATION |
| fixed length control field |
230713b ||||| |||| 00| 0 eng d |
| 040 ## - CATALOGING SOURCE |
| Transcribing agency |
SSBUL |
| Modifying agency |
SSBUL |
| 082 ## - DEWEY DECIMAL CLASSIFICATION NUMBER |
| Edition number |
23 |
| Classification number |
၆၁၃.၂ လှ ၁၆၀၄၆ (S-SAT) |
| 100 ## - MAIN ENTRY--PERSONAL NAME |
| Personal name |
လှဖေ၊ |
| Titles and words associated with a name |
ဦး၊ |
| Miscellaneous information |
မြန်မာနိုင်ငံဆေးသုတေသနဌာန။ |
| 9 (RLIN) |
27936 |
| 245 ## - TITLE STATEMENT |
| Title |
အစာလည်းဆေး / |
| Statement of responsibility, etc. |
ဦးလှဖေ၊ မြန်မာနိုင်ငံဆေးသုတေသနဌာန။ |
| 260 ## - PUBLICATION, DISTRIBUTION, ETC. |
| Place of publication, distribution, etc. |
ရန်ကုန်၊ |
| Name of publisher, distributor, etc. |
စာပေဗိမာန်၊ |
| Date of publication, distribution, etc. |
၁၉၇၂။ |
| 300 ## - PHYSICAL DESCRIPTION |
| Extent |
၁၁၆ စာမျက်နှာ၊ |
| Other physical details |
ရုပ်ပုံများ၊ |
| Dimensions |
၁၈ စင်တီ။ |
| 440 ## - SERIES STATEMENT/ADDED ENTRY--TITLE |
| Title |
စာပေဗိမာန်ထုတ်ပြည်သူ့လက်စွဲစာစဉ်။ |
| 9 (RLIN) |
27757 |
| 500 ## - GENERAL NOTE |
| General note |
S-SAT: Dr. Prof Sai Aung Tun |
| 504 ## - BIBLIOGRAPHY, ETC. NOTE |
| Linkage |
ကျမ်းကိုးစာရင်းပါရှိသည်။ |
| 650 ## - SUBJECT ADDED ENTRY--TOPICAL TERM |
| Topical term or geographic name entry element |
အစာအာဟာရနှင့် ကျန်းမာရေး။ |
| 9 (RLIN) |
27937 |
| 942 ## - ADDED ENTRY ELEMENTS (KOHA) |
| Source of classification or shelving scheme |
|
| Koha item type |
Book (Short term) |